Riconosci la nazione dalla casa automobilistica - Statistics

Statistiche generali
  • Questo quiz è stato fatto 171 volte
  • Il punteggio medio è 21 su 26
Statistiche sulle risposte
DOMANDA RISPOSTA % Corretto
Citroen Francia
97%
Audi Germania
97%
Lancia Italia
97%
Mitsubishi Giappone
95%
Honda Giappone
94%
Porsche Germania
92%
Aston Martin Inghilterra/Regno Unito
92%
Rolls Royce Inghilterra/Regno Unito
92%
Bentley Inghilterra/Regno Unito
91%
Subaru Giappone
90%
Ford Usa/Stati Uniti
90%
Opel Germania
88%
Nissan Giappone
88%
Abarth Italia
86%
Dodge Usa/Stati Uniti
84%
Land Rover Inghilterra/Regno Unito
83%
Seat Spagna
80%
Volvo Svezia
79%
General Motors Usa/Stati Uniti
79%
Kia Corea del Sud
73%
Dacia Romania
73%
Skoda Repubblica Ceca/Cechia
63%
Ligier Francia
59%
DS automobile Italia
52%
Lada Russia
48%
Aixam Francia
39%
Nessun quiz corrispondente trovato
Distribuzione punteggi
Percentuale di utenti per punteggio
Percentile per numero di risposta
I tuoi punteggi nel tempo
Non hai fatto questo quiz